000 00684nam a2200229Ia 4500
003 OSt
005 20220928104311.0
006 a|||||r|||| 00| 0
007 ta
008 220927b |||||||| |||| 00| 0 eng d
024 _a25879
037 _cReference Collections
040 _aSDCL
_cSDCL
_beng
041 _2eng
_aeng
082 _aSigma .213aN7, L8 RR
100 _aSatyaprakash Co.
_9392491
245 0 _aKarnataka
_b A select bibliography.
260 _aGurgaon
_bIndian Documentation Service
_c1978
300 _a276p.
_ccm.
942 _hSigma .213aN7, L8 RR
_cREF
_2CC
999 _c725478
_d725478